Financial Accounting and Reporting. / (Record no. 2814)
[ view plain ]
| 000 -LEADER | |
|---|---|
| fixed length control field | 00846nam a22001937a 4500 |
| 008 - FIXED-LENGTH DATA ELEMENTS--GENERAL INFORMATION | |
| fixed length control field | 140409b xxu||||| |||| 00| 0 eng d |
| 020 ## - INTERNATIONAL STANDARD BOOK NUMBER | |
| International Standard Book Number | 9780273712312 |
| 050 ## - LIBRARY OF CONGRESS CALL NUMBER | |
| Classification number | HF5636 |
| Item number | .E47 |
| 100 ## - MAIN ENTRY--PERSONAL NAME | |
| Personal name | Elliott,Barry and Elliott Jamie. |
| 245 ## - TITLE STATEMENT | |
| Title | Financial Accounting and Reporting. / |
| Statement of responsibility, etc. | Barry Elliott and Jamie Elliott. |
| 260 ## - PUBLICATION, DISTRIBUTION, ETC. | |
| Place of publication, distribution, etc. | Harlow: |
| Name of publisher, distributor, etc. | Prentice Hall, |
| Date of publication, distribution, etc. | 2008. |
| 300 ## - PHYSICAL DESCRIPTION | |
| Extent | Xxiv,889p. |
| Dimensions | 24cm |
| 500 ## - GENERAL NOTE | |
| General note | Includes Index |
| 505 ## - FORMATTED CONTENTS NOTE | |
| Formatted contents note | Contents: Income and Asset Value Measurement System-- Regulatory Framework-An Attempt to Achieve Uniformity--Balance Sheet-Equity,Liabity and Asset Measurement and Disclosure--Consolidated Accounts-- Intepretation--Accountability--Appendix:Outline solutions to selected exercises. |
| 650 ## - SUBJECT ADDED ENTRY--TOPICAL TERM | |
| Source of heading or term | Financial Accounting and Reporting |
| 700 ## - ADDED ENTRY--PERSONAL NAME | |
| Personal name | Elliott,Barry |
| 700 ## - ADDED ENTRY--PERSONAL NAME | |
| Personal name | Elliott,Jamie |
| 942 ## - ADDED ENTRY ELEMENTS (KOHA) | |
| Source of classification or shelving scheme | Library of Congress Classification |
| Koha item type | Books |
| Withdrawn status | Lost status | Source of classification or shelving scheme | Damaged status | Not for loan | Home library | Current library | Shelving location | Date acquired | Total Checkouts | Full call number | Barcode | Date last seen | Price effective from | Koha item type |
|---|---|---|---|---|---|---|---|---|---|---|---|---|---|---|
| Library of Congress Classification | WISCONSIN INTERNATIONAL UNIVERSITY COLLEGE, GHANA - MAIN LIBRARY | WISCONSIN INTERNATIONAL UNIVERSITY COLLEGE, GHANA - MAIN LIBRARY | CC | 09/04/2014 | HF5636 .E47 | 829/022/13 | 09/04/2014 | 09/04/2014 | Books |
